Statistics for 郡内最多人口の町村 関東・中部編(1950/60)

Click here to take the quiz!

General Stats

  • This quiz has been taken 8 times
  • The average score is 129 of 422

Answer Stats

都道府県年代郡・支庁人口Answer備考% Correct
北安曇郡174731954年合併/市制
100%
三方郡64921953年合併/町制
100%
佐波郡100592005年合併
86%
大飯郡11817高浜
86%
大飯郡6040高浜
86%
碧海郡20853高浜1970年市制
86%
鹿島郡11626鹿島2005年合併
86%
那珂郡30556那珂2005年合併/市制
71%
富士郡22043富士1954年合併/市制
71%
52191952年町制
71%
佐波郡275832005年合併
71%
入間郡30604武蔵1966年市制
71%
碧海郡35188安城1952年市制
71%
北相馬郡22582取手1970年市制
71%
宝飯郡26080蒲郡1954年合併/市制
71%
渥美郡17836田原2003年合併/市制
71%
渥美郡27010田原2003年合併/市制
71%
真壁郡21959真壁2005年合併/市制
71%
結城郡20404結城1954年合併/市制
71%
八丈支庁11818八丈
71%
大島支庁12090大島
71%
愛甲郡10989厚木1955年合併/市制
71%
行方郡7189潮来2001年合併/市制
71%
20542知立1970年市制
71%
知多郡32602知多1970年市制
71%
北相馬郡10780取手1970年市制
71%
17897鴨川1971年合併/市制
57%
13805身延
57%
印旛郡25387八街1992年市制
57%
養老郡28057養老
57%
恵那郡23451中津1951年合併
57%
三宅支庁6625三宅
57%
武儀郡273801950年合併/市制
57%
氷見郡23230氷見1952年合併/市制
57%
君津郡16567富津1971年市制
57%
入間郡42559所沢1950年市制
57%
上伊那郡23273伊那1954年合併/市制
57%
南埼玉郡14922春日部1954年合併/市制
57%
比企郡24769小川
57%
1960三浦郡15762葉山
57%
西茨城郡12843笠間1958年市制
57%
高座郡17938海老名1971年市制
57%
9430鴨川1971年合併/市制
57%
北多摩郡54820三鷹1950年市制
57%
長生郡15411茂原1952年合併/市制
57%
山武郡13141東金1954年合併/市制
57%
17711大野1954年合併/市制
57%
中郡26984伊勢原1971年市制
57%
三宅支庁3126三宅
57%
印旛郡20289八街1992年市制
57%
多野郡14468藤岡1954年合併/市制
57%
南蒲原郡27741加茂1954年合併/市制
57%
神奈川県1950三浦郡35908逗子1954年市制
57%
丹羽郡14431岩倉1971年市制
57%
上都賀郡29363日光1954年合併/市制
57%
駿東郡25944小山
57%
磐田郡15774袋井1958年市制
57%
上都賀郡16608足尾2006年合併
57%
塩谷郡15256矢板1958年市制
57%
筑波郡23817筑波1988年合併
57%
那須郡30413黒磯1970年市制
57%
幡豆郡25283西尾1953年市制
57%
西茨城郡22970岩瀬2005年合併/市制
57%
30359那須
57%
鹿島郡28657鉾田2005年合併/市制
57%
15639蟹江
57%
榛原郡17962吉田
57%
北設楽郡11378設楽
57%
真壁郡16153下館1954年合併/市制
57%
6779谷田部1987年合併/市制
57%
那須郡19700那須1954年合併
57%
久慈郡11155太田1954年合併/市制
57%
下都賀郡21439小山1954年合併/市制
57%
鹿島郡15030波崎2005年合併/市制
57%
多賀郡36913多賀1955年合併
57%
海部郡15058蟹江
57%
志太郡30603焼津1951年市制
57%
駿東郡16803小山
57%
下新川郡29658入善
43%
額田郡13319幸田
43%
射水郡16168小杉2005年合併
43%
18179穴水
43%
大野郡18196勝山1954年合併/市制
43%
南設楽郡9697新城1958年市制
43%
静岡県1950賀茂郡8865下田1971年市制
43%
中新川郡31285立山
43%
東春日井郡185571970年市制
43%
射水郡8213小杉2005年合併
43%
中新川郡13700滑川1954年市制
43%
南魚沼郡27129六日2004年合併/市制
43%
南蒲原郡15958下田2005年合併
43%
9049北条1957年町制
43%
中魚沼郡14063十日1954年合併/市制
43%
南魚沼郡10361六日2004年合併/市制
43%
西蒲原郡208471954年合併/市制
43%
津久井郡13978津久井2006年合併
43%
愛甲郡13741愛川
43%
足柄下郡20972箱根
43%
額田郡16467幸田
43%
10843東栄
43%
今立郡15869鯖江1955年合併/市制
43%
山梨県1950東山梨郡14764塩山1954年市制
43%
浜名郡53548浜北1963年市制
43%
益田郡6652小坂2004年合併/市制
43%
9217福島1967年合併
43%
下水内郡6993豊田2005年合併
43%
羽島郡14229笠松
43%
中郡16256秦野1955年合併/市制
43%
郡上郡10211八幡2004年合併/市制
43%
小笠郡17137掛川1954年合併/市制
43%
6305萩原2004年合併/市制
43%
下水内郡10113飯山1954年合併/市制
43%
6134下呂2004年合併/市制
43%
吉城郡24868神岡2004年合併/市制
43%
羽島郡19065笠松
43%
海津郡12609海津2005年合併/市制
43%
揖斐郡16096揖斐川
43%
郡上郡22029八幡2004年合併/市制
43%
益田郡16042下呂2004年合併/市制
43%
諏訪郡22602下諏訪
43%
下高井郡13352中野1954年合併/市制
43%
坂井郡23021丸岡2006年合併/市制
43%
榛原郡27803相良2005年合併/市制
43%
周智郡25244
43%
吉城郡27603神岡2004年合併/市制
43%
東八代郡6914一宮1954年合併/町制
43%
北巨摩郡9533韮崎1954年合併/市制
43%
北都留郡11128大月1954年合併/市制
43%
東八代郡11584一宮2004年合併/市制
43%
小笠郡24992菊川2005年合併/市制
43%
北都留郡25887上野原2005年合併/市制
43%
更級郡16587篠ノ井1959年合併/市制
43%
北佐久郡17039小諸1954年合併/市制
43%
諏訪郡18798下諏訪
43%
1960賀茂郡27387下田1971年市制
43%
西筑摩郡9087福島1967年合併
43%
東筑摩郡13955塩尻1959年合併/市制
43%
南安曇郡8417豊科2005年合併/市制
43%
周智郡10098
43%
不破郡8284関ケ原
43%
鳳至郡15604輪島1954年市制
43%
香取郡23280佐原1951年合併/市制
43%
夷隅郡15115勝浦1958年市制
43%
多賀郡11006十王2004年合併
43%
行方郡20182麻生2005年合併/市制
43%
東葛飾郡27063我孫子1970年市制
43%
利根郡20623沼田1954年合併/市制
43%
南埼玉郡23114久喜1971年市制
43%
芳賀郡13514真岡1954年市制
43%
山武郡23918大網白里2013年市制
43%
碓氷郡10578安中1958年市制
43%
匝瑳郡10169八日市場1954年市制
43%
甘楽郡20640下仁田
43%
北群馬郡20763渋川1954年合併/市制
43%
15199氏家2005年合併/市制
43%
安蘇郡16992田沼2005年合併
43%
群馬県1950勢多郡14887富士見2009年合併
43%
海上郡109241954年市制
43%
安蘇郡30243田沼2005年合併
43%
20137氏家2005年合併/市制
43%
東葛飾郡210811954年合併/市制
43%
大里郡19451深谷1955年合併/市制
43%
児玉郡19125児玉2006年合併
43%
比企郡15174松山1954年合併/市制
43%
猿島郡9985五霞1996年町制
43%
北多摩郡52923小平1962年市制
43%
吾妻郡22853中之条
43%
南多摩郡43394日野1963年市制
43%
那珂郡24033勝田1954年合併/市制
43%
11111久慈1955年合併
43%
稲敷郡13848龍ケ崎1954年合併/市制
43%
新治郡25769石岡1954年市制
43%
筑波郡68011955年合併
43%
東京都1950西多摩郡15301青梅1951年合併/市制
43%
下都賀郡24007壬生
43%
1960北足立郡30752戸田1966年市制
29%
北葛飾郡8526幸手1986年市制
29%
大野郡9436白川
29%
甘楽郡17563富岡1954年合併/市制
29%
安八郡6763神戸
29%
山田郡18012大間々2006年合併/市制
29%
田方郡14953函南1963年町制
29%
市原郡11827五井1963年合併/市制
29%
千葉郡23660津田沼1954年合併/市制
29%
碓氷郡21825松井田2006年合併
29%
北埼玉郡12017羽生1954年合併/市制
29%
遠敷郡16668小浜1951年合併/市制
29%
坂井郡10531三国2006年合併/市制
29%
18189板倉
29%
庵原郡17683蒲原2006年合併
29%
児玉郡22914本庄1954年合併/市制
29%
可児郡5324広見1955年合併
29%
埴科郡23626松代1966年合併
29%
18490門前2006年合併
29%
引佐郡13155三ケ日2005年合併
29%
本巣郡6225根尾2004年合併/市制
29%
千葉県1950安房郡9859千倉2006年合併/市制
29%
山田郡12204大間々2006年合併/市制
29%
邑楽郡23108館林1954年合併/市制
29%
10929御坂2004年合併/市制
29%
10973石和2004年合併/市制
29%
1960東山梨郡10817勝沼2005年合併
29%
11303中島2004年合併
29%
安八郡12480神戸
29%
上高井郡24616須坂1954年市制
29%
大里郡25478寄居
29%
山県郡13126美山1964年町制
29%
加茂郡18283八百津
29%
埴科郡9575松代1966年合併
29%
南条郡9299今庄2005年合併
29%
南都留郡12974河口湖2003年合併
29%
丹生郡9723越前
29%
可児郡26063可児1982年市制
29%
足柄上郡10879山北
29%
22350三国2006年合併/市制
29%
北葛飾郡23378幸手1986年市制
29%
邑楽郡19128大泉
29%
7874福岡1966年町制
29%
恵那郡8401明智2004年合併
29%
埼玉県1950北足立郡298461959年市制
29%
南安曇郡19711穂高2005年合併/市制
29%
16241新川2005年合併/市制
29%
結城郡24438八千代1972年町制
29%
千葉郡21709八千代1967年市制
29%
北魚沼郡14105小出2004年合併/市制
29%
北設楽郡6084稲武2003年郡変更
29%
河北郡21836津幡
29%
三島郡16291寺泊2006年合併
29%
東蒲原郡10051津川2005年合併/市制
29%
西蒲原郡280352005年合併
29%
佐渡郡9402両津1954年合併/市制
29%
12099糸魚川1954年合併/市制
29%
久慈郡40178大子
29%
猿島郡33366岩井1972年市制
29%
香取郡22638小見川2006年合併
29%
葉栗郡23861木曽川2005年合併
29%
海部郡15794弥富2006年合併/市制
29%
北魚沼郡25724小千谷1954年合併/市制
29%
1960東茨城郡30845茨城
29%
三島郡12819寺泊2006年合併
29%
幡豆郡23032一色2011年合併
29%
南多摩郡20606町田1958年合併/市制
29%
東加茂郡15704足助2005年合併
29%
足柄上郡19663南足柄1972年市制
29%
東頸城郡13076松代2005年合併
29%
東筑摩郡11012明科2005年合併/市制
29%
知多郡20427大府1970年市制
29%
15505函南1963年町制
29%
引佐郡17495三ケ日2005年合併
29%
西礪波郡26679石動1962年合併/市制
29%
東礪波郡16386福野2004年合併/市制
29%
中島郡255171955年合併/市制
29%
婦負郡27018八尾2005年合併
29%
1960安房郡18374千倉2006年合併/市制
29%
庵原郡18586蒲原2006年合併
29%
芳賀郡26786茂木
29%
夷隅郡23926大原2005年合併/市制
29%
能美郡10470根上2005年合併/市制
29%
西礪波郡10181石動1962年合併/市制
29%
能美郡8970根上2005年合併/市制
29%
東礪波郡12538福野2004年合併/市制
29%
葉栗郡16852木曽川2005年合併
29%
市原郡21560五井1963年合併/市制
29%
西春日井郡14235新川2005年合併/市制
29%
志太郡16565大井川2008年合併
14%
山県郡3836厳美1956年合併
14%
宝飯郡13036小坂井2010年合併
14%
下高井郡19645山ノ内
14%
1960河内郡17766上三川
14%
21222吾妻2006年合併
14%
田方郡15714修善寺2004年合併/市制
14%
岐阜県1950稲葉郡21853那加1963年合併/市制
14%
南設楽郡21420鳳来2005年合併
14%
6279城山1954年町制
14%
養老郡6346高田1954年合併
14%
塩谷郡21479高根沢
14%
中島郡19197祖父江2005年合併
14%
西加茂郡21610猿投1967年合併
14%
5283今渡1955年合併
14%
3653高富2003年合併/市制
14%
1960稲葉郡21329那加1963年合併/市制
14%
吾妻郡13757嬬恋
14%
本巣郡11048穂積2003年合併/市制
14%
西加茂郡10784猿投1953年町制
14%
丹羽郡21137古知野1954年合併/市制
14%
不破郡19321垂井
14%
愛知県1950愛知郡22055鳴海1963年合併
14%
12484南濃2005年合併/市制
14%
12123尾島2005年合併
14%
加茂郡8249古井1954年合併/市制
14%
稲敷郡22326阿見
14%
大野郡7072丹生川2005年合併
14%
16934引佐2005年合併
14%
1960愛知郡31519鳴海1963年合併
14%
群馬郡20750榛名2006年合併
14%
98451955年合併/市制
14%
西春日井郡16981西枇杷島2005年合併/市制
14%
新治郡30670八郷2005年合併
14%
高座郡68898相模原1954年市制
14%
北安曇郡11250池田
14%
羽咋郡15856富来2005年合併
14%
婦負郡9864呉羽1965年合併
14%
長生郡14118長南
14%
石川県1950江沼郡14362大聖寺1958年合併/市制
14%
石川郡7809松任1970年市制
14%
1960江沼郡13650山中2005年合併
14%
9972寺井2005年合併/市制
14%
石川郡28885松任1970年市制
14%
珠洲郡11894内浦2005年合併
14%
佐渡郡19057相川2004年合併
14%
44631954年合併
14%
吉田郡7471森田1967年合併
14%
10391春江2006年合併/市制
14%
南条郡4100河野2005年合併
14%
敦賀郡6300粟野1955年合併
14%
1960足羽郡15268足羽1971年合併
14%
大野郡5266和泉2005年合併
14%
今立郡15872今立2005年合併
14%
下新川郡22721桜井1954年合併/市制
14%
岩船郡17702朝日2008年合併
14%
遠敷郡9143上中2005年合併
14%
匝瑳郡120192006年合併
14%
足柄下郡10054湯河原
14%
1960西多摩郡21998福生1970年市制
14%
45131955年合併/町制
14%
大島支庁4550新島本
14%
新潟県1950北蒲原郡12840中条2005年合併/市制
14%
12768水原2004年合併/市制
14%
中蒲原郡37370新津1951年市制
14%
14669福生1970年市制
14%
海上郡12171飯岡2005年合併
14%
西頸城郡18510能生2005年合併
14%
東頸城郡8767松之山1958年町制
14%
中頸城郡18712直江津1954年合併/市制
14%
西頸城郡12208青海2005年合併
14%
岩船郡16711村上1954年合併/市制
14%
1960北蒲原郡32757豊栄1970年市制
14%
中蒲原郡24938村松2006年合併
14%
中魚沼郡20072津南
14%
中頸城郡16391柿崎2005年合併
14%
三方郡13862美浜
14%
茨城県1950東茨城郡15586磯浜1954年合併
14%
上伊那郡19228辰野
14%
長野県1950南佐久郡8355野沢1961年合併/市制
14%
13992小鹿野
14%
1960南佐久郡17240野沢1961年合併/市制
14%
北佐久郡19931浅間1961年合併/市制
14%
中巨摩郡6422小笠原1954年合併
14%
29072与野1958年市制
14%
新田郡19599新田2005年合併
14%
東加茂郡7693松平1961年町制
0%
9031上松1968年郡名改称
0%
9983鹿瀬2005年合併/市制
0%
15963越路2005年合併
0%
古志郡6016山古志2005年合併
0%
6010武儀1971年町制
0%
秩父郡8896野上
0%
13280岩津1955年合併
0%
刈羽郡14216小国2005年合併
0%
多野郡18594吉井2009年合併
0%
栃木県1950河内郡14244姿川1955年合併
0%
93201954年町制
0%
下伊那郡9828喬木
0%
小県郡11700丸子2006年合併
0%
八名郡8437石巻1955年合併
0%
7331安茂里1954年合併
0%
上水内郡7777三水2005年合併/町制
0%
上水内郡13703信濃
0%
12833形原1962年合併
0%
利根郡12300月夜野2005年合併
0%
津久井郡5114串川1955年合併
0%
上高井郡11938若穂1966年合併
0%
八丈支庁4235三根1954年合併
0%
西筑摩郡9643上松1968年郡名改称
0%
下伊那郡12595松川
0%
揖斐郡8956温知1954年町制
0%
海津郡6734今尾1955年合併
0%
東蒲原郡6962両鹿瀬1955年合併
0%
古志郡12784宮内1954年合併
0%
小県郡26176丸子2006年合併
0%
刈羽郡9283高柳1955年町制
0%
北群馬郡11188子持2006年合併
0%
富山県1950上新川郡8749大沢野2005年合併
0%
東春日井郡33951守山1954年合併/市制
0%
土岐郡10143笠原1951年合併
0%
丹生郡6781四ヶ浦1955年合併
0%
17230御厨1962年合併
0%
安倍郡12026有度1955年合併
0%
10001宮郷1955年合併
0%
南都留郡19721下吉田1951年合併/市制
0%
群馬郡9294室田1955年合併
0%
君津郡10299大貫1955年合併
0%
10041豊受1955年合併
0%
新田郡12464宝泉1963年合併
0%
南巨摩郡12478増穂1951年町制
0%
吉田郡10059松岡2006年合併
0%
7966付知2005年合併
0%
西八代郡8909市川大門2005年合併
0%
土岐郡11306笠原2006年合併
0%
西山梨郡3681甲運1954年合併
0%
北埼玉郡15466騎西2010年合併
0%
更級郡12331更北1966年合併
0%
福井県1950足羽郡4699麻生津1957年合併
0%
武儀郡6431武芸1965年町制
0%
鹿島郡6536鳥屋2005年合併
0%
1960上新川郡17705大沢野2005年合併
0%
北巨摩郡11727須玉2004年合併/市制
0%
1960勢多郡15905城南1967年合併
0%
磐田郡18858佐久間2005年合併
0%
河北郡9990七塚2004年合併/市制
0%
足利郡13835山辺1953年合併
0%
羽咋郡8934志雄2005年合併
0%
安倍郡8236井川1969年合併
0%
浜名郡17735北浜1956年合併
0%
珠洲郡8086松波2005年合併
0%
富士郡13803鷹岡1966年合併
0%
中巨摩郡15966櫛形2003年合併/市制
0%
南巨摩郡13996増穂2010年合併
0%
西八代郡14391市川大門2005年合併
0%
秩父郡14147皆野
0%
鳳至郡19348能都2005年合併
0%
足利郡18007坂西1962年合併
0%

Score Distribution

Percentile by Number Answered

Percent of People with Each Score

Your Score History

You have not taken this quiz